000 00844nab a22002057a 4500
999 _c5853
_d5853
003 OSt
005 20260108220502.0
008 190514b xxu||||| |||| 00| 0 spa d
040 _cPJ
100 _93494
_aDe La Torre, Natalia
245 1 0 _aBalance, consolidación y desafíos en uniones convivenciales /
_cNatalia de la Torre.
300 _ap. 106-119
505 _aSumario: I. Introducción.— II. Consolidación.— III. Desafíos y proyecciones a futuro.— IV. Breves palabras de cierre.
505 _tSi te interesa el texto, comunicate a koha@justierradelfuego.gov.ar
650 0 _91497
_aCODIGO CIVIL Y COMERCIAL
650 0 _9967
_aDERECHO DE FAMILIA
650 0 _91053
_aUNIONES CONVIVENCIALES
773 0 _02844
_93222
_dBuenos Aires : AbeledoPerrot, 1989-
_tDerecho de familia. N° 120 - Julio 2025
_z18511201
942 _2udc
_cANA